00698nam a22002297a 45000010005000000030006000050050017000110080041000280400030000690500013000990820008001121000023001202450045001432600060001883000049002485050008002975210029003055210020003346500044003546500039003987000031004377684FISKH20250731093108.0250731b cb ||||| |||| 00| 0 eng d aFISKHbeng cFISKHdFISKH a E185.J6 a920 aJohnston, Johanna  aA special bravery /cBy Johanna Johnston aChicago : bScience Research Associates , Inc., c1967. a28 pages : bcolor illustrations ;c21 cm .  aK 8 a510 bLexile estimate 8 aK bRaz-Plus  aAfrican American biographyvNon-fiction aHistory and GeographyvNon-fiction aAshmead, HaleIllustrator